Bài tập bổ trợ - nâng cao tiếng Anh 11
Nội dung tài liệu được biên soạn giúp cho học sinh 12 nâng cao môn tiếng Anh ngoài sách giáo khoa tiếng Anh lớp 12.
Đã lưu trong:
| Príomhúdar: | |
|---|---|
| Formáid: | Leabhar |
| Teanga: | Undetermined |
| Foilsithe: |
Hà Nội
Giáo dục Việt Nam
2014
|
| Ábhair: | |
| Clibeanna: |
Cuir Clib Leis
Gan Chlibeanna, Bí ar an gcéad duine leis an taifead seo a chlibeáil!
|
| Thư viện lưu trữ: | Trung tâm Học liệu Trường Đại học Cần Thơ |
|---|
| LEADER | 00845nam a2200217Ia 4500 | ||
|---|---|---|---|
| 001 | CTU_191329 | ||
| 008 | 210402s9999 xx 000 0 und d | ||
| 020 | |c 31000 | ||
| 082 | |a 428.0076 | ||
| 082 | |b Ch300 | ||
| 100 | |a Nguyễn, Thị Chi | ||
| 245 | 0 | |a Bài tập bổ trợ - nâng cao tiếng Anh 11 | |
| 245 | 0 | |c Nguyễn Thị Chi, Nguyễn Hữu Cương | |
| 260 | |a Hà Nội | ||
| 260 | |b Giáo dục Việt Nam | ||
| 260 | |c 2014 | ||
| 520 | |a Nội dung tài liệu được biên soạn giúp cho học sinh 12 nâng cao môn tiếng Anh ngoài sách giáo khoa tiếng Anh lớp 12. | ||
| 650 | |a English language,Tiếng Anh | ||
| 650 | |x Problems, exercises, etc,Câu hỏi, bài tập | ||
| 904 | |i Bằng | ||
| 980 | |a Trung tâm Học liệu Trường Đại học Cần Thơ | ||